|
|
|
|
| LEADER |
00000naa2a2200000 4500 |
| 001 |
179291 |
| 005 |
20231031170301.0 |
| 035 |
|
|
|a (RuTPU)RU\TPU\book\194355
|
| 090 |
|
|
|a 179291
|
| 100 |
|
|
|a 20100419d2008 k y0rusy50 ca
|
| 101 |
0 |
|
|a rus
|
| 102 |
|
|
|a RU
|
| 200 |
1 |
|
|a Разработка способов утилизации отходов карбидного производства ацетилена
|f Н. С. Зыкова, А. М. Шарепо
|g науч. рук. Ю. М. Федорчук
|
| 320 |
|
|
|a Библиогр.: 2 назв.
|
| 463 |
|
0 |
|0 (RuTPU)RU\TPU\book\164908
|y 5-89503-079-3
|t Проблемы геологии и освоения недр
|o труды XII Международного симпозиума имени академика М. А. Усова студентов и молодых ученых, посвященного 100-летию первого выпуска горных инженеров в Сибири и 90-летию создания Сибгеолкома в России
|f Томский политехнический университет (ТПУ), Институт геологии и нефтегазового дела (ИГНД)
|v С. 752-754
|d 2008
|p 944 с.
|
| 610 |
1 |
|
|a карбидный ил
|
| 610 |
1 |
|
|a отходы
|
| 610 |
1 |
|
|a утилизация
|
| 610 |
1 |
|
|a ацетилен
|
| 610 |
1 |
|
|a производство
|
| 610 |
1 |
|
|a фторангидрит
|
| 610 |
1 |
|
|a сушка
|
| 610 |
1 |
|
|a технологические схемы
|
| 610 |
1 |
|
|a труды учёных ТПУ
|
| 700 |
|
1 |
|a Зыкова
|b Н. С.
|
| 701 |
|
1 |
|a Шарепо
|b А. М.
|
| 702 |
|
1 |
|a Федорчук
|b Ю. М.
|4 727
|
| 801 |
|
1 |
|a RU
|b 63413507
|c 20100419
|
| 942 |
|
|
|c BK
|